|
|
|
|
| LEADER |
00666nab a2200193 i 4500 |
| 001 |
tisza7544 |
| 005 |
20200330131919.0 |
| 008 |
170524s1972 hu o 0|| hun d |
| 022 |
|
|
|a 0133-1167
|
| 040 |
|
|
|a SZTE Tiszatáj Archívum
|b hun
|
| 041 |
|
|
|a hun
|
| 100 |
1 |
|
|a Temesi Ferenc
|
| 245 |
1 |
0 |
|a Vámos Miklós
|h [elektronikus dokumentum] :
|b Előszó az ábécéhez : [könyvismertetés] /
|c Temesi Ferenc
|
| 260 |
|
|
|c 1972
|
| 300 |
|
|
|a 95
|
| 490 |
0 |
|
|a Tiszatáj
|v 26 No. 9
|
| 695 |
|
|
|a Magyar irodalom - novella - könyvismertetés, Vámos Miklós
|
| 700 |
0 |
1 |
|a Vámos Miklós
|
| 856 |
4 |
0 |
|u http://tiszataj.bibl.u-szeged.hu/7544/1/tiszataj_1972_009_095.pdf
|z Dokumentum-elérés
|